000 00614nam a2200229Ia 4500
001 2037
005 20240113233525.0
007 ta
008 050219s1984 a g b000 u eng u
040 _aRef. stack
041 _aeng
082 _a954.162
_bMi 61 Re
100 _aMills, A. J. Moffatt .
245 0 _aReport on the province of Assam /
_cA. J. Moffatt Mills.
_hReports
250 _a2nd ed /
260 _aGuwahati :
_bPublication board Assam ,
_c1984.
300 _a697p. :
_bill ;
_c23cm .
653 _aReport - province of Assam
942 _2ddc
_cBK
999 _c2030
_d2030